000 00430nam a2200181Ia 4500
008 230524s9999 xx 000 0 und d
020 _a8121904730
082 _a515.21
_bNAR
100 _aShanti Narayan
245 0 _aAnalitical Solid Geometry
250 _a1ST
260 _aNEW DELHI
_bS.Chand
_c2005
300 _aXII;376
500 _aQuantity Number: 5
650 _aMathematics
700 _aP.K. Mittal
942 _cBK
999 _c4105
_d4105